000 01595cam a2200337 a 4500
001 2774
005 20240115095747.0
020 _a9780194789202 (pbk.)
040 _aDLC
_cDLC
_dDLC
_beng
050 0 0 _aPE1126.A4
_bB3769 2008
082 0 0 _a428.6
_222
100 1 _aBassett, Jennifer
245 1 0 _aSherlock Holmes and the sport of kings /
_cretold by Jennifer Bassett ; illustrated by Ron Tiner.
250 _aThis simplified edition Oxford University Press 2008
260 _aOxford ;
_aNew York :
_bOxford University Press,
_c2008
300 _a56 pages :
_billustrations ;
_c20 cm
490 0 _aOxford Bookworms Library ; Stage 1, Crime & Mystery
500 _a"First published in Oxford Bookworms, 2003"--T.p. verso.
505 0 _aK
520 _aThe Bookworms series offers six graded stages provide more than 130 stories at different levels of ability. The lower levels feature a wide choice of original stories, while the higher levels feature adaptations of well-known works originally published for native speakers. There are titles to suit all tastes: fantasy and horror; thriller and adventure; classics; true stories; crime and mystery; human interest.
521 _a550
_bLexile
521 _aK
_bRaz-Plus
650 0 _aReaders (Adult)
650 0 _aEnglish language
_vTextbooks for foreign speakers.
650 0 _aReading comprehension
_vProblems, exercises, etc.
655 7 _aMystery fiction.
_2gsafd
700 1 _aDoyle, Arthur Conan,
_d1859-1930
700 1 _aTiner, Ron.
_eillustrator
906 _a7
_bcbc
_corignew
_d2
_encip
_f20
_gy-gencatlg
942 _2ddc
_cBK
_n0
999 _c2774
_d2774